Noche sin luna
Uloženo v:
| Hlavní autoři: | , |
|---|---|
| Médium: | Kniha |
| Jazyk: | španělština |
| Vydáno: |
Ciudad de México
Fondo de Cultura Económica
2009
|
| Vydání: | 1a. ed |
| Edice: | A la Orilla del Viento
|
| Témata: | |
| Tagy: |
Přidat tag
Žádné tagy, Buďte první, kdo vytvoří štítek k tomuto záznamu!
|
MARC
| LEADER | 00000nam a2200000 a 4500 | ||
|---|---|---|---|
| 001 | UCG4924 | ||
| 003 | CL-VaPUC | ||
| 008 | 101216e20090000MX |||||||||||||||||spa|d | ||
| 020 | |a 9786071600356 | ||
| 082 | 0 | 4 | |a 808.0683 |b GEF |2 21 |
| 100 | 0 | |a Gefen, Shira |e author |9 554421 | |
| 700 | 0 | |a Keret, Etgar |e author |9 554422 | |
| 245 | 1 | 0 | |a Noche sin luna |
| 250 | |a 1a. ed | ||
| 300 | |a 48 p | ||
| 942 | |c BK | ||
| 945 | |d 20101216 00:00:00 |a cmena | ||
| 260 | |a Ciudad de México |b Fondo de Cultura Económica |c 2009 | ||
| 650 | 0 | |a Literatura infantil |9 307465 | |
| 650 | 0 | |a Cuentos infantiles |9 308044 | |
| 583 | |a last modification |c 20101216 00:00:00 |k Rodrigo Vera | ||
| 490 | 0 | |a A la Orilla del Viento | |
| 999 | |c 343524 |d 343522 | ||
| 952 | |0 0 |1 0 |4 0 |6 808_068300000000000_GEF_2009 |7 0 |8 A |9 440864 |a BIBEDU |b BIBEDU |d 2019-11-22 |i 4743350 |l 2 |o 808.0683 GEF 2009 |p 4743350 |r 2022-03-31 |s 2022-03-24 |w 2019-11-22 |y BK |k EPE | ||